| 000 | 00725nam a22001937a 4500 | ||
|---|---|---|---|
| 999 |
_c2814 _d2814 |
||
| 003 | AR-CdUCM | ||
| 008 | 190305b ||||| |||| 00| 0 spa d | ||
| 040 |
_aMUNICIPALIDAD PROVINCIAL DEL CUSCO _cBIBLIOTECA MUNICIPAL DEL CUSCO |
||
| 082 |
_a343.2 / _bB34 |
||
| 100 |
_aBejar Quispe, José _96070 |
||
| 245 | _aConstitución política del Perú y derechos Humanos / | ||
| 260 |
_aCusco : _bUnsaac, |
||
| 300 |
_a277 páginas ; _c20 cm. |
||
| 505 | _aFuentes del derecho -- Los derechos humanos y derechos fundamentales de la persona -- Los derechos Humanos de la constitución del 93... | ||
| 650 |
_aDerechos Humanos. _93264 |
||
| 650 |
_aConstituciones peruanas. _99803 |
||
| 942 |
_2ddc _cLIBROS |
||
| 945 |
_awfj _d2019-03-05 |
||